Market segmentation concepts and applications

Salvato in:
Dettagli Bibliografici
Autore principale: Engel, James F.
Altri autori: Fiorillo, Henry F., Cayley, Murray A.
Natura: Libro
Lingua:inglese
Pubblicazione: New York Holt, Rinehart and Winston 1972
Soggetti:
Tags: Aggiungi Tag
Nessun Tag, puoi essere il primo ad aggiungerne!!

MARC

LEADER 00000nam a2200000 4500
001 c124671
005 20221123135500.6
020 |a 0-03-088082-3 
041 0 |a eng 
044 |a US 
245 1 0 |a Market segmentation  |b concepts and applications  |c Edited by James F. Engel, Henry F. Fiorillo, Murray A. Cayley 
264 1 |a New York  |b Holt, Rinehart and Winston  |c 1972 
300 |a 486 s. 
610 2 0 |a marketing 
610 2 0 |a segmentácia trhu 
610 2 0 |a stratégia marketingová 
610 2 0 |a plán marketingový 
610 2 0 |a rozhodovanie manažérske 
610 2 0 |a analýzy 
100 1 |a Engel, James F. 
700 1 |a Fiorillo, Henry F. 
700 1 |a Cayley, Murray A.